Southville International School and Colleges
Your cart is empty.
  • Cart
  • Lists
    Public lists Eva Luna New books Lux_list list_1
    Your lists Log in to create your own lists
  • Log in to your account
  • Your cookies
  • Search history
Southville International School and Colleges
  • Advanced search
  • Recent comments
  • Most popular
  • Libraries

Log in to your account

Log in with GOOGLE


If you do not have an external account, but do have a local account, you can still log in:

  1. Home
  2. MARC view: Kisses, A book of /
Normal view MARC view ISBD view

Kisses, A book of / (Record no. 113591)

[ view plain ]
MARC details
000 -LEADER
fixed length control field 00495nam a2200181 a 4500
001 - CONTROL NUMBER
control field 2945
005 - DATE AND TIME OF LATEST TRANSACTION
control field 20140414132029.0
008 - FIXED-LENGTH DATA ELEMENTS--GENERAL INFORMATION
fixed length control field 051130s19uu xx 00 eng d
020 ## - INTERNATIONAL STANDARD BOOK NUMBER
International Standard Book Number 0-439-20860-2
050 ## - LIBRARY OF CONGRESS CALL NUMBER
Classification number TR
Item number K64 2000
100 ## - MAIN ENTRY--PERSONAL NAME
Personal name Ross, Dave
245 ## - TITLE STATEMENT
Title Kisses, A book of /
Statement of responsibility, etc by Dave Ross ; illustrated by Laura Rader.
260 ## - PUBLICATION, DISTRIBUTION, ETC. (IMPRINT)
Place of publication, distribution, etc New York :
Name of publisher, distributor, etc Scholastic,
Date of publication, distribution, etc 2000.
300 ## - PHYSICAL DESCRIPTION
Extent 1 v. p. : ill. ; cm.
650 ## - SUBJECT ADDED ENTRY--TOPICAL TERM
Topical term or geographic name as entry element Kisses
General subdivision Fiction.
650 ## - SUBJECT ADDED ENTRY--TOPICAL TERM
Topical term or geographic name as entry element Children stories.
Holdings
Withdrawn status Lost status Damaged status Use restrictions Home library Current library Shelving location Date acquired Source of acquisition Cost, normal purchase price Total Checkouts Full call number Barcode Date last seen Price effective from Koha item type
        Munich Library Munich Library Teachers Reference Section 11/30/2005   150.00   TR K64 2000 M5184 04/14/2014 04/14/2014 Books

Kisses, A book of /

APA

Ross D., . (2000). Kisses, A book of. New York: Scholastic.

Chicago

Ross Dave, . 2000. Kisses, A book of. New York: Scholastic.

Harvard

Ross D., . (2000). Kisses, A book of. New York: Scholastic.

MLA

Ross Dave, . Kisses, A book of. New York: Scholastic. 2000.

  • Place hold
  • Print
  • Cite
  • Add to your cart (remove)
  • Save record
    BIBTEX Dublin Core MARCXML MARC (non-Unicode/MARC-8) MARC (Unicode/UTF-8) MARC (Unicode/UTF-8, Standard) MODS (XML) RIS
  • More searches
    Search for this title in:
    Other Libraries (WorldCat) Other Databases (Google Scholar) Online Stores (Bookfinder.com) Open Library (openlibrary.org)

Exporting to Dublin Core...

SOUTHVILLE LIBRARY

Southville International School and Colleges Library

1281 Tropical Ave. Cor. Luxembourg St., BF Homes International, Las Pinas City

Tel. No. 8256374 / 252358 Loc. 117/146

Powered by Koha